Classic Graphic Collection Of European Style Furniture Shanghai masterindoor Design Institute (Record no. 369609)

MARC details
000 -LEADER
fixed length control field 00370 a2200133 4500
005 - DATE AND TIME OF LATEST TRANSACTION
control field 20260311155120.0
008 - FIXED-LENGTH DATA ELEMENTS--GENERAL INFORMATION
fixed length control field 251223b |||||||| |||| 00| 0 eng d
082 ## - DEWEY DECIMAL CLASSIFICATION NUMBER
Classification number 749/CAD
100 ## - MAIN ENTRY--PERSONAL NAME
Author CAD
245 ## - TITLE STATEMENT
Title Classic Graphic Collection Of European Style Furniture Shanghai masterindoor Design Institute
300 ## - PHYSICAL DESCRIPTION
Extent 320p
Other physical details PB
500 ## - GENERAL NOTE
Keywords Graphics
942 ## - ADDED ENTRY ELEMENTS (KOHA)
Koha item type DS Books
Holdings
Withdrawn status Lost status Source of classification or shelving scheme Damaged status Not for loan Home library Current library Date acquired Vendor Net Price Total Checkouts Full call number Barcode Date last seen Actual Price Bill Date Koha item type
    Dewey Decimal Classification     Dr. Bhanuben Nanavati College of Architecture Dr. Bhanuben Nanavati College of Architecture 23/12/2025 213 2883.60   749/CAD BNCA-DS-162 23/12/2025 7209.00 12/12/2025 DS Books